[Event "Prague Menchik Memorial Rapid"]
[Site "Prague"]
[Date "2022.06.05"]
[Round "7"]
[White "Ocelak, Jakub"]
[Black "Dubansky, Bohuslav"]
[Result "1/2-1/2"]
[WhiteElo "2107"]
[BlackElo "2223"]
[PlyCount "117"]
[EventDate "2022.06.05"]
[EventType "swiss (rapid)"]
[EventRounds "7"]
[EventCountry "CZE"]
[SourceTitle "CBM 208 Extra"]
[Source "ChessBase"]
[SourceDate "2022.07.31"]
[SourceVersion "1"]
[SourceVersionDate "2022.07.31"]
[SourceQuality "1"]

1. d4 e6 2. e4 d5 3. Nd2 dxe4 4. Nxe4 Nd7 5. Nf3 Ngf6 6. Bg5 Be7 7. Nxf6+ Bxf6 8. Be3 0-0 9. Bd3 b6 10. h4 Re8 11. Ng5 Nf8 12. Qh5 g6 13. Qf3 Rb8 14. Ne4 Bg7 15. Bg5 Qxd4 16. Nf6+ Bxf6 17. Bxf6 e5 18. Qg3 Qf4 19. Qxf4 exf4+ 20. Kd2 Bb7 21. f3 h6 22. Rae1 Nd7 23. Bd4 Rbd8 24. Kc1 Nc5 25. Bxc5 bxc5 26. b3 Kf8 27. Bb5 Re7 28. Rd1 Rd6 29. Rde1 Rd5 30. Bc4 Rh5 31. Rd1 Kg7 32. Kb2 Bc6 33. Kc3 Re3+ 34. Kb2 a5 35. a4 Kf6 36. Rd8 Re8 37. Rd2 Kg7 38. Rdd1 Re3 39. Kc1 Rhe5 40. Kb2 Rh5 41. Kc1 Ree5 42. Kb2 g5 43. hxg5 Rexg5 44. Rxh5 Rxh5 45. Rd8 Rg5 46. Rc8 Rxg2 47. Rxc7 Bxf3 48. Rxf7+ Kg6 49. Rxf4 Bd1 50. Bd3+ Kg5 51. Rf5+ Kg4 52. Rxc5 h5 53. Rxa5 h4 54. Rc5 Kg3 55. Rg5+ Bg4 56. Rg8 h3 57. Bf1 Rf2 58. Bxh3 Kxh3 59. a5 1/2-1/2

[Event "CZE-ch blitz"]
[Site "Prague"]
[Date "2018.12.22"]
[Round "3"]
[White "Dubansky, Bohuslav"]
[Black "Michalik, Peter"]
[Result "0-1"]
[WhiteElo "2232"]
[BlackElo "2564"]
[PlyCount "63"]
[EventDate "2018.12.22"]
[EventType "swiss (blitz)"]
[EventRounds "15"]
[EventCountry "CZE"]
[SourceTitle "CBM 187 Extra"]
[Source "ChessBase"]
[SourceDate "2018.11.04"]
[SourceVersion "1"]
[SourceVersionDate "2018.11.04"]
[SourceQuality "1"]

1. e4 e5 2. Nf3 Nc6 3. d4 exd4 4. Bc4 Bc5 5. c3 Nf6 6. e5 d5 7. Bb5 Ne4 8. cxd4 Bb6 9. h3 Bd7 10. Bxc6 Bxc6 11. 0-0 0-0 12. Nc3 f6 13. exf6 Qxf6 14. Be3 Nxc3 15. bxc3 Be8 16. Ne5 c6 17. Qg4 Qf5 18. Qxf5 Rxf5 19. Rab1 Bg6 20. Rb2 Re8 21. Rc1 Re7 22. a4 Rf8 23. c4 dxc4 24. Nxc4 Bc7 25. g3 b6 26. h4 Be4 27. a5 b5 28. Nd2 Bd5 29. a6 Bxg3 30. Nb3 Bxh4 31. Nc5 Rf6 32. Kf1 0-1

[Event "Pardubice op rapid 27th"]
[Site "Pardubice"]
[Date "2016.07.20"]
[Round "1"]
[White "Piorun, Kacper"]
[Black "Dubansky, Bohuslav"]
[Result "1-0"]
[WhiteElo "2685"]
[BlackElo "2245"]
[PlyCount "51"]
[EventDate "2016.07.20"]
[EventType "swiss (rapid)"]
[EventRounds "9"]
[EventCountry "CZE"]
[SourceTitle "CBM 173 Extra"]
[Source "ChessBase"]
[SourceDate "2016.08.29"]
[SourceVersion "1"]
[SourceVersionDate "2016.08.29"]
[SourceQuality "1"]

1. c4 e6 2. g3 d5 3. Bg2 c5 4. Nf3 Nc6 5. 0-0 Nf6 6. b3 Be7 7. Bb2 0-0 8. e3 b6 9. Nc3 Bb7 10. cxd5 Nxd5 11. Nxd5 exd5 12. d4 Rc8 13. Qd2 Qd7 14. Rac1 Rfd8 15. Rfd1 h6 16. h3 Qf5 17. Kh2 g6 18. dxc5 bxc5 19. e4 dxe4 20. Qxh6 Bf6 21. Rxc5 Bxb2 22. Rxd8+ Rxd8 23. Rxf5 gxf5 24. Ng5 Bg7 25. Qh7+ Kf8 26. Qxf5 1-0

[Event "Oberliga Wuerttemberg 0304"]
[Site "Wuerttemberg"]
[Date "2004.02.08"]
[Round "6.4"]
[White "Weiss, Andreas"]
[Black "Dubansky, Bohuslav"]
[Result "1-0"]
[WhiteElo "2226"]
[BlackElo "2209"]
[PlyCount "161"]
[EventDate "2003.09.28"]
[EventType "team"]
[EventRounds "9"]
[EventCountry "GER"]
[SourceTitle "EXT 2006"]
[Source "ChessBase"]
[SourceDate "2005.11.24"]
[SourceVersion "1"]
[SourceVersionDate "2005.11.24"]
[SourceQuality "1"]
[WhiteTeam "Schwaebisch Gmuend"]
[BlackTeam "Weiler im Allgaeu"]
[WhiteTeamCountry "GER"]
[BlackTeamCountry "GER"]

1. e4 e6 2. d4 d5 3. Nd2 dxe4 4. Nxe4 Nd7 5. Nf3 Ngf6 6. Nxf6+ Nxf6 7. Be2 Be7 8. 0-0 0-0 9. Ne5 Nd7 10. Bf3 c6 11. Bf4 Nxe5 12. Bxe5 Bf6 13. Qe2 Bd7 14. c4 Bxe5 15. dxe5 Qa5 16. Rfd1 Rfd8 17. a3 Be8 18. Rd6 Rxd6 19. exd6 c5 20. Rd1 Rd8 21. Qe5 Ba4 22. Rd3 Bc2 23. Rc3 Ba4 24. b4 Qb6 25. Qxc5 Qxd6 26. Qxd6 Rxd6 27. c5 Rd7 28. Kf1 Bb5+ 29. Ke1 Kf8 30. Be4 Ke7 31. g3 Bc6 32. Bxc6 bxc6 33. Ke2 a5 34. Rb3 axb4 35. axb4 e5 36. Rd3 Rb7 37. Rd6 Rxb4 38. Rxc6 Rd4 39. Rc7+ Ke6 40. Ke3 g5 41. Rc6+ Kd5 42. Rf6 h5 43. Rxf7 h4 44. c6 Re4+ 45. Kd3 Rd4+ 46. Ke2 Re4+ 47. Kf1 Kxc6 48. f3 Ra4 49. Rf5 Kd6 50. Rxg5 h3 51. Rh5 Ra1+ 52. Kf2 Ra2+ 53. Ke3 Rxh2 54. Ke4 Re2+ 55. Kd3 Rh2 56. Rh6+ Kd5 57. Ke3 Rh1 58. g4 Rh2 59. Rh5 Ke6 60. Ke4 Re2+ 61. Kd3 Rh2 62. Rh6+ Kd5 63. Ke3 Rh1 64. Rh5 Ke6 65. Kf2 Kf6 66. Rf5+ Ke6 67. Kg3 Kd6 68. Rh5 Rf1 69. Rxh3 e4 70. fxe4 Ke5 71. Rh2 Rg1+ 72. Kh4 Kxe4 73. Kh5 Ke5 74. g5 Ke6 75. Rf2 Ke7 76. Kh6 Ra1 77. Kg7 Ke6 78. g6 Rb1 79. Kg8 Ke7 80. g7 Ke6 81. Rh2 1-0

[Event "Oberliga Wuerttemberg 0304"]
[Site "Wuerttemberg"]
[Date "2003.09.28"]
[Round "1.4"]
[White "Thoma, Christian"]
[Black "Dubansky, Bohuslav"]
[Result "1/2-1/2"]
[WhiteElo "2234"]
[BlackElo "2209"]
[PlyCount "78"]
[EventDate "2003.09.28"]
[EventType "team"]
[EventRounds "9"]
[EventCountry "GER"]
[SourceTitle "EXT 2006"]
[Source "ChessBase"]
[SourceDate "2005.11.24"]
[SourceVersion "1"]
[SourceVersionDate "2005.11.24"]
[SourceQuality "1"]
[WhiteTeam "Schmiden Cannstatt"]
[BlackTeam "Weiler im Allgaeu"]
[WhiteTeamCountry "GER"]
[BlackTeamCountry "GER"]

1. e4 e6 2. d4 d5 3. Nd2 dxe4 4. Nxe4 Nd7 5. Nf3 Ngf6 6. Nxf6+ Nxf6 7. Bd3 b6 8. 0-0 Bb7 9. b3 Be7 10. Bb2 Qd5 11. Re1 Bd6 12. Qd2 0-0-0 13. c4 Qh5 14. Ne5 Ng4 15. h3 Nxe5 16. dxe5 Bc5 17. Qc2 Rd7 18. Be4 Rhd8 19. Re2 Bxe4 20. Qxe4 Kb8 21. Bc3 Bd4 22. Rc1 Qh6 23. Rcc2 Bxc3 24. Rxc3 Rd1+ 25. Kh2 R1d4 26. Qf3 Qf4+ 27. Qxf4 Rxf4 28. Rg3 g6 29. Rg4 Rfd4 30. Rxd4 Rxd4 31. Kg3 c5 32. Re3 Kc7 33. Rf3 Rd7 34. Kf4 Kd8 35. Kg5 Ke7 36. Kh6 Kf8 37. Kxh7 Rd2 38. Kh6 Re2 39. Kg5 Rxe5+ 1/2-1/2

[Event "CZE-chT 0102"]
[Site "Czech Republic"]
[Date "2002.03.09"]
[Round "8"]
[White "Freisler, Pavel"]
[Black "Dubansky, Bohuslav"]
[Result "1-0"]
[WhiteElo "2336"]
[BlackElo "2228"]
[PlyCount "45"]
[EventDate "2001.10.20"]
[EventType "team-tourn"]
[EventRounds "11"]
[EventCountry "CZE"]
[SourceTitle "EXT 2019"]
[Source "ChessBase"]
[SourceDate "2018.10.10"]
[SourceVersion "1"]
[SourceVersionDate "2018.10.10"]
[SourceQuality "1"]
[WhiteTeam "Praha Holdia"]
[BlackTeam "Praha Bohemians"]
[WhiteTeamCountry "CZE"]
[BlackTeamCountry "CZE"]

1. Nf3 d5 2. c4 e6 3. g3 Nf6 4. Bg2 c5 5. 0-0 Nc6 6. cxd5 exd5 7. d4 Be7 8. Nc3 0-0 9. Bg5 cxd4 10. Nxd4 h6 11. Be3 Ne5 12. Qb3 Nc4 13. Bf4 Na5 14. Qc2 Bd6 15. Bxd6 Qxd6 16. Rfd1 Bd7 17. Nb3 Nc6 18. Nxd5 Nxd5 19. Rxd5 Qe7 20. Qc5 Be6 21. Qxe7 Nxe7 22. Rb5 Rab8 23. Rxb7 1-0

[Event "CZE-chT 0102"]
[Site "Czech Republic"]
[Date "2002.01.12"]
[Round "6"]
[White "Dopita, Bohumil"]
[Black "Dubansky, Bohuslav"]
[Result "0-1"]
[WhiteElo "2099"]
[BlackElo "2228"]
[PlyCount "112"]
[EventDate "2001.10.20"]
[EventType "team-tourn"]
[EventRounds "11"]
[EventCountry "CZE"]
[SourceTitle "EXT 2019"]
[Source "ChessBase"]
[SourceDate "2018.10.10"]
[SourceVersion "1"]
[SourceVersionDate "2018.10.10"]
[SourceQuality "1"]
[WhiteTeam "Grygov A64 Valoz"]
[BlackTeam "Praha Bohemians"]
[WhiteTeamCountry "CZE"]
[BlackTeamCountry "CZE"]

1. e4 e6 2. d4 d5 3. e5 c5 4. c3 Nc6 5. Nf3 Qb6 6. a3 c4 7. Be2 f6 8. 0-0 fxe5 9. Nxe5 Nxe5 10. dxe5 Ne7 11. Kh1 Bd7 12. Qc2 Nc6 13. Be3 Bc5 14. Bxc5 Qxc5 15. f4 0-0 16. Nd2 Qe3 17. Qd1 Rxf4 18. Nxc4 Rxf1+ 19. Bxf1 Qf4 20. Qd2 Qxd2 21. Nxd2 Nxe5 22. Re1 Nc6 23. Nb3 Rf8 24. Kg1 Rf6 25. Nc5 Bc8 26. Bb5 Nb8 27. Be2 b6 28. Nb3 Nc6 29. c4 dxc4 30. Bxc4 Kf8 31. Bb5 Bd7 32. Nd4 Nxd4 33. Bxd7 Ke7 34. Bc8 Rf8 35. Ba6 Kd6 36. Re3 Rf7 37. Rc3 Rc7 38. Rxc7 Kxc7 39. Bd3 h6 40. Kf2 Kd6 41. Ke3 Ke5 42. Be4 g5 43. Bb7 Nb5 44. Kd3 h5 45. a4 Nd6 46. Bc6 a5 47. Ba8 h4 48. Bf3 Nf5 49. Kc4 Kf4 50. Ba8 Nd6+ 51. Kd4 g4 52. Bc6 Nf5+ 53. Kc4 e5 54. Ba8 e4 55. Kc3 Ke3 56. Bc6 g3 0-1

[Event "CZE-chT 0102"]
[Site "Czech Republic"]
[Date "2001.12.16"]
[Round "5"]
[White "Dolezal, Radoslav"]
[Black "Dubansky, Bohuslav"]
[Result "1/2-1/2"]
[WhiteElo "2388"]
[BlackElo "2228"]
[PlyCount "55"]
[EventDate "2001.10.20"]
[EventType "team-tourn"]
[EventRounds "11"]
[EventCountry "CZE"]
[SourceTitle "EXT 2019"]
[Source "ChessBase"]
[SourceDate "2018.10.10"]
[SourceVersion "1"]
[SourceVersionDate "2018.10.10"]
[SourceQuality "1"]
[WhiteTeam "Praha Mahrla"]
[BlackTeam "Praha Bohemians"]
[WhiteTeamCountry "CZE"]
[BlackTeamCountry "CZE"]

1. e4 e6 2. d4 d5 3. Nd2 dxe4 4. Nxe4 Nd7 5. Bd3 Ngf6 6. Ne2 Be7 7. 0-0 b6 8. Nxf6+ Nxf6 9. c4 0-0 10. a3 c5 11. Bf4 Bb7 12. dxc5 bxc5 13. Qc2 Qb6 14. Rfd1 Qc6 15. f3 Rad8 16. Nc3 h6 17. Qa4 Rd7 18. Qxc6 Bxc6 19. Bc2 Rb7 20. Rab1 g5 21. Bd6 Bxd6 22. Rxd6 Rc8 23. Ba4 Bxa4 24. Nxa4 Nd7 25. Rbd1 Ne5 26. Rc1 Kf8 27. Kf1 Ke7 28. Rd2 1/2-1/2

[Event "CZE-chT 0102"]
[Site "Czech Republic"]
[Date "2001.10.21"]
[Round "2"]
[White "Virostko, Petr"]
[Black "Dubansky, Bohuslav"]
[Result "1-0"]
[WhiteElo "2313"]
[BlackElo "2228"]
[PlyCount "75"]
[EventDate "2001.10.20"]
[EventType "team-tourn"]
[EventRounds "11"]
[EventCountry "CZE"]
[SourceTitle "EXT 2019"]
[Source "ChessBase"]
[SourceDate "2018.10.10"]
[SourceVersion "1"]
[SourceVersionDate "2018.10.10"]
[SourceQuality "1"]
[WhiteTeam "Zlin"]
[BlackTeam "Praha Bohemians"]
[WhiteTeamCountry "CZE"]
[BlackTeamCountry "CZE"]

1. e4 e6 2. d4 d5 3. e5 c5 4. c3 Nc6 5. Nf3 Qb6 6. a3 c4 7. Nbd2 f6 8. Be2 Bd7 9. 0-0 fxe5 10. Nxe5 Nxe5 11. dxe5 Ne7 12. Bxc4 Nc6 13. Bd3 0-0-0 14. Nf3 h6 15. b4 g5 16. Be3 Qc7 17. b5 Na5 18. Bd4 Kb8 19. a4 Rg8 20. Nd2 Rc8 21. Rb1 Bc5 22. Nb3 Nxb3 23. Rxb3 Qa5 24. Qa1 Rgf8 25. Rd1 Rf4 26. Bxc5 Rxc5 27. Qa3 Qxa4 28. Qxc5 Qxb3 29. Rb1 Qa4 30. c4 dxc4 31. g3 cxd3 32. gxf4 Qxf4 33. Qd6+ Kc8 34. Qxd3 Qg4+ 35. Kf1 Kb8 36. Qd6+ Kc8 37. Rc1+ Kd8 38. Rc7 1-0

[Event "CZE-chTV 0001"]
[Site "Czech Republic"]
[Date "2000.??.??"]
[Round "1"]
[White "Dubansky, Bohuslav"]
[Black "Sabol, Marian"]
[Result "1-0"]
[WhiteElo "2165"]
[BlackElo "2310"]
[PlyCount "119"]
[EventDate "2000.??.??"]
[EventType "team"]
[EventRounds "11"]
[EventCountry "CZE"]
[SourceTitle "EXT 2003"]
[Source "ChessBase"]
[SourceDate "2002.11.25"]
[SourceVersion "1"]
[SourceVersionDate "2002.11.25"]
[SourceQuality "1"]

1. e4 d5 2. e5 Bf5 3. f4 c5 4. Nf3 Nc6 5. Be2 e6 6. 0-0 a6 7. d3 Bg4 8. c3 Nge7 9. Qe1 h5 10. Nbd2 Nf5 11. h3 Bxf3 12. Nxf3 h4 13. Nh2 Be7 14. Bg4 g6 15. Rb1 b5 16. b3 Qa5 17. Bxf5 gxf5 18. Ra1 Qb6 19. Be3 d4 20. cxd4 cxd4 21. Bd2 Ba3 22. Nf3 Ne7 23. Bb4 Bb2 24. Bxe7 Bxa1 25. Bf6 Bc3 26. Qf2 Rh7 27. Nxh4 Bb4 28. Qg3 Kd7 29. Nf3 Be7 30. Ng5 Rg8 31. Qf3 Rh6 32. Nxf7 Rhg6 33. Ng5 Bxf6 34. exf6 Rxf6 35. Rc1 Rh8 36. b4 Rff8 37. Rc5 Rc8 38. Qf2 Rxc5 39. Qxd4+ Qd6 40. Qg7+ Kc6 41. bxc5 Qxc5+ 42. Kh2 Re8 43. Nf3 Re7 44. Ne5+ Kb7 45. Qf6 Re8 46. Ng6 Kb6 47. Qf7 Rc8 48. Ne7 Rc7 49. Qxe6+ Ka5 50. Nxf5 Qf2 51. Qe4 Rc1 52. Qe3 Qxe3 53. Nxe3 Ka4 54. f5 Ka3 55. g4 Kxa2 56. f6 b4 57. f7 b3 58. f8Q b2 59. Qf7+ Ka3 60. Nc4+ 1-0

[Event "CZE-chTV 0001"]
[Site "Czech Republic"]
[Date "2000.??.??"]
[Round "1"]
[White "Hlavacek, Robert"]
[Black "Dubansky, Bohuslav"]
[Result "1/2-1/2"]
[WhiteElo "2235"]
[BlackElo "2165"]
[PlyCount "52"]
[EventDate "2000.??.??"]
[EventType "team"]
[EventRounds "11"]
[EventCountry "CZE"]
[SourceTitle "EXT 2002"]
[Source "ChessBase"]
[SourceDate "2001.11.25"]
[SourceVersion "1"]
[SourceVersionDate "2001.11.25"]
[SourceQuality "1"]

1. d4 d5 2. c4 e6 3. Nc3 c5 4. cxd5 exd5 5. Nf3 Nc6 6. g3 Nf6 7. Bg2 Be7 8. 0-0 0-0 9. b3 Ne4 10. Bb2 Bf6 11. Na4 cxd4 12. Nxd4 Re8 13. Rc1 Bd7 14. Re1 Nxd4 15. Bxd4 Bb5 16. e3 Bxa4 17. bxa4 Bxd4 18. Qxd4 Qa5 19. Red1 Rad8 20. f3 Ng5 21. Rc5 Qa6 22. Rxd5 Rxd5 23. Qxd5 Qe2 24. Qd3 Nxf3+ 25. Kh1 Qxd3 26. Rxd3 Ne1 1/2-1/2

[Event "CZE-chTV 0001"]
[Site "Czech Republic"]
[Date "2000.??.??"]
[Round "1"]
[White "Klicnar, Martin"]
[Black "Dubansky, Bohuslav"]
[Result "1/2-1/2"]
[WhiteElo "2275"]
[BlackElo "2165"]
[PlyCount "95"]
[EventDate "2000.??.??"]
[EventType "team"]
[EventRounds "11"]
[EventCountry "CZE"]
[SourceTitle "EXT 2002"]
[Source "ChessBase"]
[SourceDate "2001.11.25"]
[SourceVersion "1"]
[SourceVersionDate "2001.11.25"]
[SourceQuality "1"]

1. e4 e6 2. d4 d5 3. Nd2 dxe4 4. Nxe4 Nd7 5. Nf3 Ngf6 6. Nxf6+ Nxf6 7. Bg5 h6 8. Bh4 Be7 9. Bd3 0-0 10. Qd2 b6 11. 0-0-0 Bb7 12. Ne5 Ne4 13. Bxe7 Qxe7 14. Qf4 Qg5 15. Qxg5 Nxg5 16. f3 Rad8 17. Rhe1 Rd6 18. c3 Nh7 19. b4 Nf6 20. a4 g6 21. Kb2 Kg7 22. b5 Rc8 23. a5 c5 24. a6 Ba8 25. dxc5 Rxc5 26. c4 Nd7 27. Nxd7 Rxd7 28. Be2 Rcc7 29. Kc3 Kf6 30. Kb4 Ke7 31. Rxd7+ Rxd7 32. c5 bxc5+ 33. Kxc5 Rd2 34. Bf1 Rc2+ 35. Kb4 Kd6 36. Re2 Rc1 37. Rd2+ Bd5 38. Bd3 Kc7 39. Be4 Rc4+ 40. Ka5 Bxe4 41. fxe4 Rxe4 42. Rc2+ Kb8 43. Rd2 Rc4 44. Rd7 Rc7 45. Rd8+ Rc8 46. Rd7 Rc7 47. Rd8+ Rc8 48. Rd7 1/2-1/2

[Event "CZE-chTV 9900"]
[Site "Czech Republic"]
[Date "1999.??.??"]
[Round "?"]
[White "Dubansky, Bohuslav"]
[Black "Hora, Milan"]
[Result "1/2-1/2"]
[WhiteElo "2169"]
[BlackElo "2060"]
[PlyCount "63"]
[EventDate "1999.??.??"]
[EventType "team"]
[EventRounds "11"]
[EventCountry "CZE"]
[SourceTitle "EXT 2002"]
[Source "ChessBase"]
[SourceDate "2001.11.25"]
[SourceVersion "1"]
[SourceVersionDate "2001.11.25"]
[SourceQuality "1"]

1. e4 c5 2. c4 Nc6 3. Ne2 Nf6 4. Nbc3 e6 5. d4 cxd4 6. Nxd4 Bb4 7. Nxc6 dxc6 8. Qxd8+ Kxd8 9. Bd3 e5 10. Bd2 Be6 11. a3 Bc5 12. b4 Bd4 13. Rd1 a5 14. bxa5 Bc5 15. Na4 Bxa3 16. 0-0 Nd7 17. Ra1 Bd6 18. Be2 Kc7 19. Rfb1 Nc5 20. Be3 Nxa4 21. Rxa4 c5 22. Ra3 Bd7 23. Bd2 Bc6 24. f3 Rhd8 25. Bc3 f6 26. Bd1 Be7 27. Kf1 Ra6 28. Ke2 Rda8 29. Ba4 Bxa4 30. Rxa4 Kc6 31. Raa1 Bd8 32. Rb5 1/2-1/2